Minecraft Items that Start with O - Statistics

General Stats
  • This quiz has been taken 19 times
  • The average score is 20 of 52
Answer Stats
Answer % Correct
Oak Stairs
67%
Obsidian
67%
Oak Boat
56%
Oak Button
56%
Oak Door
56%
Oak Planks
56%
Oak Slab
56%
Oak Wood
56%
Orange Banner
56%
Orange Carpet
56%
Orange Dye
56%
Orange Glazed Terracotta
56%
Orange Stained Glass
56%
Orange Stained Glass Pane
56%
Orange Terracotta
56%
Orange Tulip
56%
Orange Wool
56%
Oak Fence
44%
Oak Fence Gate
44%
Oak Hanging Sign
44%
Oak Leaves
44%
Oak Log
44%
Oak Pressure Plate
44%
Oak Sapling
44%
Oak Sign
44%
Oak Trapdoor
44%
Ocelot Spawn Egg
44%
Orange Bed
44%
Orange Candle
44%
Orange Concrete
44%
Orange Concrete Powder
44%
Orange Shulker Box
44%
Oak Boat with Chest
33%
Orange Bundle
33%
Orange Harness
33%
Observer
22%
Ochre Froglight
22%
Oxeye Daisy
22%
Oxidized Copper
22%
Oxidized Copper Door
22%
Oxidized Copper Trapdoor
22%
Oxidized Cut Copper
22%
Oxidized Cut Copper Slab
22%
Oxidized Cut Copper Stairs
22%
Ominous Banner
11%
Ominous Bottle
11%
Ominous Trial Key
11%
Oxidized Chiseled Copper
11%
Oxidized Copper Bulb
11%
Oxidized Copper Grate
11%
Open Eyeblossom
0%
Otherside Music Disc
0%
No matching quizzes found
Score Distribution
Percent of People with Each Score
Percentile by Number Answered
Your Score History
You have not taken this quiz